00732nam a2200193 a 450000100100000000500170001000800410002704000250006808200170009310000190011024501560012926000480028530000210033350400740035453400320042870000310046070000190049170000280051000002416820200930022756.0110119s1981 ag r 000 0 spa d aDO-SdBNPbspacBNPHU axxxxxbM479m1 aMead, Margaret14aLas mujeres en el mundo de hoy :bprejuicios y perjuicios /cMargaret Mead , Teresa Orrego de Figueroa , Nadia Youssef ; traducción Artigas Suárez. aBuenos Aires, Argentina :bFraterna,c1981. a362 p. ;c20 cm. aIncluye referencias bibliográficas y notas al pie de las páginas. awomen and world development1 aOrrego de Figueroa, Teresa1 aYoussef, Nadia1 aSuárez, Artigas,etr.